Filmographie de Christian Clavier - Statistiques

Statistiques générales
  • Ce quiz a été pris 121 fois
    64 depuis la dernière actualisation
  • Le résultat moyen est 17 sur 73
Statistiques - réponses
Réponse % Correct
Les Visiteurs
95%
Les Bronzés
92%
Les bronzés font du ski
90%
Qu’est ce qu’on a fait au Bon Dieu ?
79%
Qu’est ce qu’on a encore fait au Bon Dieu ?
77%
Le père Noël est une ordure
74%
Les Visiteurs en Amérique
72%
Astérix et Obélix : Mission Cléopâtre
62%
Les Anges Gardiens
56%
Papy fait de la résistance
56%
Astérix et Obélix contre César
51%
Les Visiteurs : La Révolution
49%
Cocorico
46%
L’Enquête Corse
46%
Les Bronzés 3: Amis pour la vie
46%
La. Soif de l’or
44%
Qu’est ce qu’on a tous fait au Bon Dieu ?
44%
ibiza
41%
L’Opération Corned-Beef
41%
Les Profs
38%
Une heure de tranquillité
36%
Babysitting 2
31%
Les Babas Cool
31%
L’Antidote
23%
Momo
23%
Jamais sans mon psy
21%
À bras ouverts
18%
La Vengeance d’une blonde
18%
Les Couloirs du temps : Les Visiteurs 2
18%
Les Vengeances de Maître Poutifard
18%
On ne choisit pas sa famille
18%
Le Prix à payer
15%
C’est pas parce qu’on a rien à dire qu’il faut fermer sa gueule
13%
Grosse fatigue
13%
Irréductible
13%
Je vais craquer
13%
Mes meilleurs copains
13%
Un sac de billes
13%
L’An 01
10%
Rendez-vous chez les Malawa
10%
Albert est méchant
8%
Kaamelott : Premier Volet
8%
L’Auberge rouge
8%
Le Grimoire d’Arkandias
8%
Dites-lui que je l’aime
5%
L’Entente cordiale
5%
Les héros n’ont pas froid aux oreilles
5%
Les Secrets professionnels du Dr. Apfelglück
5%
Mystère à Saint-Tropez
5%
Twist again à Moscou
5%
Clara et les chics types
3%
Elle voit des nains partout !
3%
F… comme Fairbanks
3%
La Sainte Victoire
3%
Les Sœurs Soleil
3%
Que la fête commence
3%
Si j’étais un homme
3%
Tranches de vie
3%
Vous n’aurez pas l’Alsace et la Lorraine
3%
Attention les yeux !
0%
Cocktail Molotov
0%
Convoi exeptionnel
0%
Des enfants gâtés
0%
La Tortue sur le dos
0%
La Vie dissolue de Gérard Floque
0%
Le Bol d’air
0%
Le Diable dans la boîte
0%
Les Aventures de Spirou et Fantasio
0%
Les cigognes n’en font qu’à leur tête
0%
Les Suspects
0%
Lovely Rita, sainte patronne des cas désespérés
0%
On aura tout vu
0%
Rock and Torah
0%
Aucun quiz correspondant
Distribution des résultats
% des personnes avec chaque résultat
Percentile par nombre de réponses
Votre historique - résultats
Vous n’avez pas pris ce quiz depuis la dernière actualisation